[Event "AUTO-ADV-2411"]
[Site "http://www.queenalice.com/game.php?id=1029844"]
[Date "2012.2.15"]
[Round "1"]
[White "AgronopoulusOnassis"]
[Black "GoBois"]
[Result "1-0"]
[WhiteElo "1763"]
[BlackElo "1758"]

1. e4 d6 2. d4 Nf6 3. Nc3 g6 4. Nf3 Bg7 5. Be2 O-O 6. O-O e5 7. d5 c5 8. Bg5 h6
9. Bh4 g5 10. Bg3 Nh5 11. Nd2 Nxg3 12. fxg3 Nd7 13. Nc4 Nb6 14. b3 Nxc4 15. Bxc4
Bd7 16. Be2 a6 17. Bh5 b5 18. Qf3 Qe7 19. Rf2 Ra7 20. Raf1 Be8 21. Qe2 Qd8 22.
Nd1 f6 23. Bxe8 Qxe8 24. Ne3 Qg6 25. Nf5 Rd7 26. Ra1 Qe8 27. a4 Qb8 28. axb5
axb5 29. Ra5 b4 30. Rf1 Ra7 31. Rfa1 Rxa5 32. Rxa5 Rd8 33. Qb5 Bf8 34. Qxb8 Rxb8
35. Ra6 Rd8 36. h4 Kf7 37. Kf2 Kg6 38. Kf3 Kh5 39. hxg5 fxg5 40. g4+ Kg6 41. g3
h5 42. gxh5+ Kxh5 43. g4+ Kg6 44. Ke3 Rd7 45. Kf3 Rh7 46. Nxd6 Rh2 47. Nc4+ Kf7
48. Nxe5+ Ke8 49. Ra2 Bd6 50. Nc4 Bf4 51. e5 1-0

[Event "AUTO-ADV-2411"]
[Site "http://www.queenalice.com/game.php?id=1029845"]
[Date "2012.2.15"]
[Round "1"]
[White "GoBois"]
[Black "AgronopoulusOnassis"]
[Result "1-0"]
[WhiteElo "1742"]
[BlackElo "1753"]

1. d4 Nf6 2. f3 g6 3. e4 d6 4. c4 Bg7 5. Be3 O-O 6. Bd3 Nbd7 7. Nh3 e5 8. O-O
exd4 9. Bxd4 Ne5 10. Nc3 Bxh3 11. gxh3 Nh5 12. f4 Nc6 13. Bxg7 Kxg7 14. Nd5 Ne7
15. Be2 Nxd5 16. Qxd5 Qc8 17. Bxh5 gxh5 18. Qg5+ Kh8 19. Qf6+ Kg8 20. Rf2 Qxh3
21. Rg2+ Qxg2+ 22. Kxg2 Rae8 23. Rg1 1-0

[Event "AUTO-ADV-2411"]
[Site "http://www.queenalice.com/game.php?id=1029860"]
[Date "2012.2.15"]
[Round "1"]
[White "carlosjvega"]
[Black "GoBois"]
[Result "1-0"]
[WhiteElo "1905"]
[BlackElo "1715"]

1. e4 d6 2. d4 Nf6 3. Nc3 g6 4. Bg5 Bg7 5. Nf3 h6 6. Bxf6 Bxf6 7. e5 dxe5 8.
dxe5 Qxd1+ 9. Rxd1 O-O 10. exf6 exf6 11. Be2 Nc6 12. O-O Bf5 13. Bd3 1-0

[Event "AUTO-ADV-2411"]
[Site "http://www.queenalice.com/game.php?id=1029861"]
[Date "2012.2.15"]
[Round "1"]
[White "GoBois"]
[Black "carlosjvega"]
[Result "0-1"]
[WhiteElo "1747"]
[BlackElo "1974"]

1. d4 d5 2. e4 dxe4 3. Nc3 Nc6 4. d5 Nb4 5. Bf4 Bf5 6. Bc4 Nf6 7. Nb5 Nfxd5 8.
Bxd5 Nxd5 9. Qxd5 e6 10. Qxd8+ Kxd8 11. O-O-O+ Bd6 12. Bxd6 cxd6 13. Rxd6+ Ke7
14. Rd4 Rhd8 15. Ne2 Rd7 16. Rxd7+ Kxd7 17. Rd1+ Ke7 18. Nec3 a6 19. Nd4 Bg6 20.
Re1 f5 21. g4 Rd8 22. Nce2 fxg4 23. c3 e5 24. Nb3 b5 25. Ng3 Rd5 26. Nxe4 Bxe4
27. Nd2 Bf5 28. f3 gxf3 29. Nxf3 Kf6 30. Nh4 Bd3 31. Re3 e4 0-1

[Event "AUTO-ADV-2411"]
[Site "http://www.queenalice.com/game.php?id=1029870"]
[Date "2012.2.15"]
[Round "1"]
[White "Petruzza"]
[Black "GoBois"]
[Result "1-0"]
[WhiteElo "1744"]
[BlackElo "1737"]

1. e4 d6 2. Nc3 Nf6 3. h3 g6 4. Bc4 Bg7 5. Qf3 O-O 6. g4 Nc6 7. Nge2 Ne5 8.
Bxf7+ Nxf7 9. d4 e5 10. d5 Kh8 11. Nb5 Bh6 12. Bxh6 Nxh6 13. g5 Nf7 14. gxf6 Ng5
15. Qc3 Rf7 16. h4 Nxe4 17. Qe3 Nxf6 18. O-O-O e4 19. c4 Bg4 20. Nbd4 h5 21. Ne6
Bxe6 22. dxe6 Rh7 23. c5 d5 24. Nf4 Ng4 25. Qc3+ Kg8 26. Rxd5 Qf8 27. Nh3 Re7
28. Qc4 Rae8 29. Re1 Nxf2 30. Nxf2 Qxf2 31. Rxe4 Kh7 32. Rd7 Rxd7 33. exd7 Rxe4
34. Qxe4 Qxc5+ 35. Qc2 Qg1+ 36. Qd1 Qc5+ 37. Kb1 Qf5+ 38. Ka1 Qf6 39. d8=Q 1-0

[Event "AUTO-ADV-2411"]
[Site "http://www.queenalice.com/game.php?id=1029871"]
[Date "2012.2.15"]
[Round "1"]
[White "GoBois"]
[Black "Petruzza"]
[Result "0-1"]
[WhiteElo "1754"]
[BlackElo "1727"]

1. d4 c5 2. d5 b5 3. e4 Nf6 4. e5 Ng8 5. Bf4 c4 6. Nc3 Qa5 7. Bd2 Qb6 8. Nf3 Nh6
9. Be3 Qa5 10. Bd2 Qb6 11. Be2 Ng4 12. O-O h5 13. Ng5 f6 14. Bxg4 fxg5 15. Be2
g4 16. Kh1 Bb7 17. f3 g3 18. f4 h4 19. Bh5+ g6 20. Bg4 e6 21. d6 h3 22. Bf3 Bxf3
23. Qxf3 hxg2+ 24. Qxg2 Rxh2+ 25. Qxh2 gxh2 26. Rae1 Nc6 27. Be3 Qb7 28. Kxh2
O-O-O 29. Rf2 Bg7 30. Ree2 Rh8+ 31. Kg1 Nd4 32. Rh2 Nf3+ 0-1

[Event "Challenge"]
[Site "http://www.queenalice.com/game.php?id=1033368"]
[Date "2012.2.26"]
[Round "-"]
[White "Hourglass"]
[Black "GoBois"]
[Result "1-0"]
[WhiteElo "1970"]
[BlackElo "1721"]

1. e4 d6 2. d4 Nf6 3. Nc3 g6 4. f4 Bg7 5. Nf3 O-O 6. Bd3 Nc6 7. O-O Bg4 8. Be3
Re8 9. Qd2 e5 10. fxe5 dxe5 11. d5 Nb4 12. Bc4 a6 13. a3 Nbxd5 14. exd5 Bxf3 15.
Rxf3 e4 16. Rf2 Ng4 17. Rf4 Nxe3 18. Qxe3 1-0

[Event "AUTO-ADV-2434"]
[Site "http://www.queenalice.com/game.php?id=1037422"]
[Date "2012.3.9"]
[Round "1"]
[White "Trevuz"]
[Black "GoBois"]
[Result "1-0"]
[WhiteElo "1967"]
[BlackElo "1736"]

1. d4 Nf6 2. c4 g6 3. Nc3 Bg7 4. e4 d6 5. f3 O-O 6. Be3 Nc6 7. Qd2 a6 8. Bd3 Rb8
9. Nge2 Nb4 10. Bb1 e5 11. d5 a5 12. a3 Na6 13. O-O Bd7 14. Bd3 Qe8 15. Rab1 b5
16. cxb5 Bxb5 17. Bxb5 Rxb5 18. Nxb5 Qxb5 19. Nc3 1-0

[Event "AUTO-ADV-2434"]
[Site "http://www.queenalice.com/game.php?id=1037423"]
[Date "2012.3.9"]
[Round "1"]
[White "GoBois"]
[Black "Trevuz"]
[Result "0-1"]
[WhiteElo "1743"]
[BlackElo "1960"]

1. d4 Nf6 2. f3 d5 3. e4 dxe4 4. Nc3 exf3 5. Qxf3 c6 6. Be3 Bg4 7. Qf2 e6 8. h3
Bh5 9. Nf3 Be7 10. O-O-O O-O 11. Bd3 Nd5 12. Nxd5 cxd5 13. g4 Bg6 14. h4 Nc6 15.
Bb5 Nb4 16. Ne5 Rc8 17. Ba4 Bxc2 0-1

[Event "AUTO-ADV-2434"]
[Site "http://www.queenalice.com/game.php?id=1037438"]
[Date "2012.3.9"]
[Round "1"]
[White "GoBois"]
[Black "Clovisto"]
[Result "0-1"]
[WhiteElo "1729"]
[BlackElo "1772"]

1. d4 e6 2. c4 b6 3. Nc3 Ba6 4. e4 h6 5. f4 Bb4 6. Qb3 Nc6 7. Ne2 Bb7 8. d5
Bxc3+ 9. Nxc3 Nd4 10. Qd1 c5 11. Bd3 Qh4+ 12. g3 Qe7 13. Be3 Nf6 14. Bxd4 cxd4
15. Nb5 O-O 16. e5 Qb4+ 17. Qd2 Qxd2+ 18. Kxd2 Ng4 19. Nd6 Rab8 20. Nb5 exd5 21.
Nd6 dxc4 22. Bxc4 Bxh1 23. Rxh1 b5 24. Bb3 a5 25. Kd3 Nf2+ 0-1

[Event "AUTO-ADV-2434"]
[Site "http://www.queenalice.com/game.php?id=1037439"]
[Date "2012.3.9"]
[Round "1"]
[White "Clovisto"]
[Black "GoBois"]
[Result "1-0"]
[WhiteElo "1792"]
[BlackElo "1758"]

1. e4 Nc6 2. d4 d5 3. e5 f6 4. Bf4 Bf5 5. Bb5 Qd7 6. Nc3 a6 7. Ba4 b5 8. Bb3 Na5
9. Bxd5 Rd8 10. Nf3 e6 11. Bb3 Nxb3 12. axb3 Bb4 13. Rxa6 Ne7 14. O-O O-O 15.
exf6 Rxf6 16. Ra7 Nd5 17. Ne5 Qe8 18. Bg5 Bxc3 19. bxc3 Rg6 20. Nxg6 1-0

[Event "juli1-2"]
[Site "http://www.queenalice.com/game.php?id=1043968"]
[Date "2012.3.29"]
[Round "2"]
[White "GoBois"]
[Black "o3bor52"]
[Result "0-1"]
[WhiteElo "1740"]
[BlackElo "1873"]

1. d4 g6 2. c4 Bg7 3. Nc3 Nf6 4. e4 O-O 5. Nf3 d6 6. Be2 e6 7. O-O Nbd7 8. h3 b6
9. d5 e5 10. b4 a6 11. Be3 Kh8 12. Qd2 Nb8 13. Bh6 Rg8 14. Rfd1 Nh5 0-1

[Event "Challenge"]
[Site "http://www.queenalice.com/game.php?id=1065412"]
[Date "2012.5.29"]
[Round "-"]
[White "GoBois"]
[Black "plot24"]
[Result "1-0"]
[WhiteElo "1729"]
[BlackElo "1679"]

1. d4 d5 2. e4 dxe4 3. Nc3 Nf6 4. f3 exf3 5. Qxf3 c6 6. Be3 e6 7. O-O-O Nbd7 8.
Bd3 Nd5 9. Nxd5 exd5 10. Nh3 Qf6 11. Nf4 Bd6 12. Rhf1 g6 13. g4 O-O 14. g5 Qd8
15. h4 f6 16. Bxg6 hxg6 17. Nxg6 fxg5 18. Qh5 Kg7 19. Bxg5 Nf6 20. Qh6+ 1-0

[Event "Challenge"]
[Site "http://www.queenalice.com/game.php?id=1065758"]
[Date "2012.5.29"]
[Round "-"]
[White "GoBois"]
[Black "Hourglass"]
[Result "0-1"]
[WhiteElo "1743"]
[BlackElo "2041"]

1. d4 g6 2. e4 Bg7 3. f4 d6 4. Nf3 Nf6 5. Bd3 O-O 6. O-O b6 7. c4 Bb7 8. e5 dxe5
9. fxe5 Bxf3 10. Qxf3 Nbd7 11. exf6 Nxf6 12. d5 Qd6 13. Bf4 Qc5+ 14. Be3 Qd6 15.
Nc3 a6 16. Kh1 e6 0-1

[Event "Challenge"]
[Site "http://www.queenalice.com/game.php?id=1093620"]
[Date "2012.8.16"]
[Round "-"]
[White "Hourglass"]
[Black "GoBois"]
[Result "1-0"]
[WhiteElo "2040"]
[BlackElo "1726"]

1. e4 Nc6 2. d4 d5 3. e5 f6 4. f4 Nh6 5. Nf3 Bf5 6. Bd3 Qd7 7. c4 e6 8. O-O Bg4
9. Be3 Nb4 10. cxd5 Nxd3 11. Qxd3 Qxd5 12. Nc3 Qd7 13. Rad1 O-O-O 14. d5 1-0

[Event "AUTO-OPEN-2810"]
[Site "http://www.queenalice.com/game.php?id=1110033"]
[Date "2012.10.6"]
[Round "1"]
[White "LUKK"]
[Black "GoBois"]
[Result "1-0"]
[WhiteElo "2015"]
[BlackElo "1711"]

1. g4 d5 2. g5 e5 3. d4 e4 4. c4 Be6 5. Nc3 Bb4 6. f3 Bxc3+ 7. bxc3 dxc4 8. fxe4
f6 9. Nf3 fxg5 10. Bxg5 Ne7 11. d5 Bf7 12. Qd4 O-O 13. Rg1 1-0

[Event "AUTO-OPEN-2810"]
[Site "http://www.queenalice.com/game.php?id=1110034"]
[Date "2012.10.6"]
[Round "1"]
[White "GoBois"]
[Black "LUKK"]
[Result "0-1"]
[WhiteElo "1721"]
[BlackElo "1911"]

1. d4 g6 2. f3 Bg7 3. e4 d6 4. Be3 Nf6 5. c4 O-O 6. Bd3 c5 7. Ne2 Nc6 8. O-O Nh5
9. Bc2 cxd4 10. Nxd4 Qb6 0-1

[Event "AUTO-OPEN-2810"]
[Site "http://www.queenalice.com/game.php?id=1110057"]
[Date "2012.10.6"]
[Round "1"]
[White "merth"]
[Black "GoBois"]
[Result "1-0"]
[WhiteElo "2499"]
[BlackElo "1723"]

1. Nf3 Nf6 2. c4 g6 3. d4 Bg7 4. Nc3 O-O 5. e4 d6 6. Be2 e5 7. dxe5 dxe5 8. Qxd8
Rxd8 9. Bg5 Re8 10. O-O Be6 11. Rfd1 Nc6 12. Nd5 Rac8 13. Nxf6+ Bxf6 14. Bxf6
1-0

[Event "AUTO-OPEN-2810"]
[Site "http://www.queenalice.com/game.php?id=1110058"]
[Date "2012.10.6"]
[Round "1"]
[White "GoBois"]
[Black "merth"]
[Result "0-1"]
[WhiteElo "1713"]
[BlackElo "2506"]

1. d4 Nf6 2. f3 d5 3. e4 dxe4 4. Nc3 exf3 5. Qxf3 Qxd4 6. Be3 Qh4+ 7. Bf2 Qg4 8.
Qe3 Qe6 9. O-O-O Qxe3+ 10. Bxe3 a6 11. Nf3 Nbd7 12. Bd3 e6 13. Rhe1 Bd6 14. h3
O-O 15. g4 b5 0-1

[Event "AUTO-OPEN-2810"]
[Site "http://www.queenalice.com/game.php?id=1110073"]
[Date "2012.10.6"]
[Round "1"]
[White "GoBois"]
[Black "Luc_2010"]
[Result "0-1"]
[WhiteElo "1707"]
[BlackElo "1533"]

1. d4 g6 2. f3 Bg7 3. e4 d6 4. Be3 Nf6 5. Nc3 O-O 6. Qd2 c6 7. O-O-O b5 8. a3 a5
9. e5 Ne8 10. Bf4 b4 11. axb4 axb4 12. Nb1 Ra1 13. Qxb4 dxe5 14. dxe5 Rxb1+ 15.
Kxb1 Qxd1+ 0-1

[Event "AUTO-OPEN-2810"]
[Site "http://www.queenalice.com/game.php?id=1110074"]
[Date "2012.10.6"]
[Round "1"]
[White "Luc_2010"]
[Black "GoBois"]
[Result "1-0"]
[WhiteElo "1584"]
[BlackElo "1684"]

1. g4 d5 2. g5 e5 3. d4 e4 4. c4 Be6 5. f3 Nc6 6. fxe4 Be7 7. exd5 Bxd5 8. cxd5
Qxd5 9. Nf3 O-O-O 10. Nc3 Qa5 11. d5 1-0